000 00518nam a2200193Ia 4500
008 131103s9999 xx 000 0 und d
020 _a087044316x
040 _aLoreto College
041 _aEnglish
082 _aREF/W
_bLCBED/10350
100 _aStuart, Gene S.
245 _aSecrets from the past
_cGene S. Stuart
260 _aWashington
_bnational Geographic Society
_c1979
300 _a104p.
_b pic.
_c 24cm.
504 _aIncludes index
650 _aWorld History
850 _aLCBED/REF/W
942 _cBK
999 _c31078
_d81557